Scènes d'Harry Potter 8 dans le désordre - Statistiques

Statistiques générales
  • Ce quiz a été pris 64 fois
    19 depuis la dernière actualisation
  • Le résultat moyen est 7 sur 15
Statistiques - réponses
Hint Explanation Réponse % Correct
Chapitre 25 La Chaumière aux coquillages
88%
Chapitre 27 La dernière cachette
63%
Chapitre 36 (partie 3) Le défaut du plan
50%
Chapitre 36 (partie 1) Le défaut du plan
50%
Chapitre 34 Retour dans la Forêt
50%
Chapitre 26 Gringotts
50%
Chapitre 36 (partie 2) Le défaut du plan
50%
Épilogue Dix-neuf ans plus tard
38%
Chapitres 29 et 30 Le diadème perdu et Le renvoi de Severus Rogue
38%
Chapitre 32 La Baguette de sureau
38%
Chapitre 31 (partie 2) La bataille de Poudlard
38%
Chapitre 28
Le miroir manquant
38%
Chapitre 33 Le récit du Prince
38%
Chapitre 35 King’s Cross
38%
Chapitre 31 (partie 1) La bataille de Poudlard
13%
Aucun quiz correspondant
Distribution des résultats
% des personnes avec chaque résultat
Percentile par nombre de réponses
Votre historique - résultats
Vous n’avez pas pris ce quiz depuis la dernière actualisation